000 01865nam a2200265 a 4500
001 000048130
003 OSt
005 20210215120001.0
007 ta
008 181119s2006 dr frl 000 spa d
040 _aDO-SdBNP
_bspa
_cBNPHU
082 _aBNPHU-xxx
_bR377i
245 0 _aReglamento interno estatutario y leyes 6160, 6201 y 6200.
260 _aSanto Domingo :
_bCODIA ,
_c2006.
300 _a94 p. ;
_c22 cm.
500 _aIncluye himno al CODIA en la tapa trasera.
505 0 _aLey 6160
505 0 _aLey 6201
505 0 _aLey 6200
505 0 _aReglamento interno estatutario:
_tI. nombre y domicilio. II. fines del colegio. III. de los miembros. IV. deberes y derechos de los miembros. V. de las inscripciones. VI. organización interna. VII. de la asamblea general. VIII. de la asamblea de representantes IX. de la junta directiva. X. del secretario general XI. de los deberes y atribuciones de los funcionarios. XII. tribunal disciplinario. XIII. de la comisión de defensa. XIV. de las delegaciones regionales o provinciales del colegio. XV. de los núcleos profesionales. XVI. de las elecciones. XVII. de los derechos, tasas y cuotas. XVIII modificación del reglamento interno estatutario. XIX. disolución del colegio. XX. de los documentos del ejercicio profesional.
505 0 _aApéndices :
_t1. reglamento para el procedimiento parlamentario. 2. código de ética profesional. 3. reglamento electoral. 4. reglamento interno de la comisión de defensa. 5. reglamento del tribunal disciplinario. 6. reglamento para la nominación y elección del codiano del año 91. 7. reglamento colegiado distinguido.
590 _aInventariado, 2018 / DG
710 _aColegio Dominicano de ingenieros arquitecto y agrimensores (CODIA)
_977754
942 _2ddc
_cLF1
999 _c47618
_d47618